000 00788naa a22002297u 4500
001 20879
003 HDC
007 cr bn ---aaaaa
008 210306t xx 000 0 eng
040 _aHDC
245 0 _aMalaysian SMEs to Penetrate USD26 Billion Halal Markets in Iran and West Asia
260 _a[No place] :
_b[publisher not identified],
_c[no year]
336 _atext
_2rdacontent
337 _acomputer
_2rdamedia
338 _aonline resource
_2rdacarrier
650 _aHalal food industry
_9128
650 _aSmall business
_9208
856 _zRequest full-text at [email protected]
942 _2lcc
942 _cEIJ
942 _kEMAG 000910
999 _c18195
_d18195